Výkon rozhodnutia v daňovom konaní

Správca dane a jeho povinnosti. Vymáhanie nedoplatkov prostredníctvom exekúcie, zablokovania účtu v banke. Daňový dlžník môže podľa zákona požiadať o odklad výkonu rozhodnutia. V prípade, že mu nebude vyhovené a neuhradí dlžnú čiastku, správca dane pristúpi k výkonu rozhodnutia.

Enregistré dans:
Détails bibliographiques
Auteur principal: Kostovčík, E.
Format: Chapitre de livre
Langue:slovaque
Sujets:
Tags: Ajouter un tag
Pas de tags, Soyez le premier à ajouter un tag!

MARC

LEADER 00000naa a2200000 4500
001 r023219
005 20230728074032.5
041 0 |a slo 
044 |a SK 
245 1 0 |a Výkon rozhodnutia v daňovom konaní  |c E. Kostovčík 
520 |a Správca dane a jeho povinnosti. Vymáhanie nedoplatkov prostredníctvom exekúcie, zablokovania účtu v banke. Daňový dlžník môže podľa zákona požiadať o odklad výkonu rozhodnutia. V prípade, že mu nebude vyhovené a neuhradí dlžnú čiastku, správca dane pristúpi k výkonu rozhodnutia. 
610 2 0 |a dane 
610 2 0 |a pohľadávky 
610 2 0 |a zákony 
610 2 0 |a dlžníci 
610 2 0 |a exekúcia 
610 2 0 |a výkon rozhodnutia 
610 2 0 |a Slovensko 
610 2 0 |a banky 
100 1 |a Kostovčík, E.